[Event "Game 1258 - Rated game, 20m + 0s"]
[Site "Main Playing Hall"]
[Date "2003.03.29"]
[Round "?"]
[White "kmreese"]
[Black "BarryP"]
[Result "0-1"]
[WhiteElo "1644"]
[BlackElo "1476"]
[PlyCount "50"]
[EventDate "2003.??.??"]

1. e4 g6 2. d4 d6 3. d5 Bg7 4. Nf3 Bg4
5. Bb5+ Nd7 6. O-O a6 7. Ba4 b5 8. Bb3 Nh6
9. Nc3 O-O 10. a4 Ne5 11. axb5 Nxf3+ 12. gxf3 Bh3
13. Re1 e6 14. dxe6 fxe6 15. bxa6 Qf6 16. f4 Qh4
17. Ne2 Ng4 18. Bxe6+ Kh8 19. Ng3 Nxf2 20. Kxf2 Bxe6
21. f5 Qxh2+ 22. Ke3 Qxg3+ 23. Ke2 Bc4+ 24. Kd2 Bh6+
25. Re3 Qxe3# 0-1

[Event "Game 1258 - Rated game, 20m + 0s"]
[Site "Main Playing Hall"]
[Date "2003.03.29"]
[Round "?"]
[White "BarryP"]
[Black "kmreese"]
[Result "1-0"]
[WhiteElo "1503"]
[BlackElo "1618"]
[Annotator "Black - Resign"]
[PlyCount "75"]
[EventDate "2003.??.??"]

1. d3 d5 2. Nf3 Bf5 3. g3 Nc6 4. Bg2 d4
5. Nbd2 Qd5 6. O-O Nf6 7. Nb3 Qd7 8. Nc5 Qd5
9. Nb3 e5 10. Nfxd4 Qd7 11. Nxf5 Qxf5 12. e4 Qg6
13. f4 Bc5+ 14. Nxc5 Nd4 15. f5 Qh5 16. Qxh5 Nxh5
17. Rf2 O-O 18. c3 Nc6 19. Be3 Nf6 20. d4 Ng4
21. Re2 b6 22. Na6 exd4 23. Bxd4 Rac8 24. Bf3 Nxd4
25. cxd4 Nf6 26. e5 Nd7 27. d5 f6 28. e6 Ne5
29. Kf2 Nd3+ 30. Kg2 Rfe8 31. Rd1 Ne5 32. Rc1 c5
33. d6 Nd3 34. Rcc2 Rf8 35. e7 Rf7 36. d7 Rcf8
37. Bd5 Kh8 38. Bxf7 {Black - Resign} 1-0

[Event "Game 1259 - Friendly Game, 15m + 0s"]
[Site "Main Playing Hall"]
[Date "2003.03.31"]
[Round "?"]
[White "titoscl"]
[Black "kmreese"]
[Result "1-0"]
[WhiteElo "1401"]
[BlackElo "1320"]
[PlyCount "57"]
[EventDate "2003.??.??"]

1. d4 d5 2. e3 Nc6 3. c4 Nf6 4. Nc3 Be6
5. cxd5 Bxd5 6. Nxd5 Qxd5 7. f3 O-O-O 8. b3 e5
9. Bb2 Bb4+ 10. Kf2 exd4 11. exd4 Ne5 12. Bc4 Nfg4+
13. fxg4 Qc6 14. d5 Bc5+ 15. Kf1 Qf6+ 16. Nf3 Rhe8
17. h4 c6 18. g5 Qf5 19. Be2 cxd5 20. Rc1 Nd7
21. Bb5 Kb8 22. Bxd7 Be3 23. Bxf5 Bxc1 24. Bxc1 Re7
25. Ba3 Re3 26. Bc5 d4 27. Bxd4 g6 28. Be5+ Rxe5
29. Qxd8# 1-0

[Event "Game 1260 - Rated game, 15m + 0s"]
[Site "Main Playing Hall"]
[Date "2003.04.01"]
[Round "?"]
[White "Adelbert"]
[Black "kmreese"]
[Result "0-1"]
[WhiteElo "1254"]
[BlackElo "1320"]
[Annotator "White - Time"]
[PlyCount "74"]
[EventDate "2003.??.??"]

1. c4 e5 2. Nf3 Nf6 3. Nc3 e4 4. Ng5 d5
5. cxd5 Nxd5 6. Ncxe4 Bf5 7. d3 Bb4+ 8. Bd2 a5
9. a3 Bxd2+ 10. Qxd2 O-O 11. g3 Nc6 12. Bg2 Nd4
13. Rd1 f6 14. Nh3 Nb3 15. Qc2 a4 16. O-O b5
17. Nc5 Nd4 18. Qd2 Bg4 19. f3 Bd7 20. Nf4 c6
21. Nfe6 Nxe6 22. Nxd7 Qxd7 23. e4 Ne7 24. d4 Rad8
25. d5 Ng5 26. Qc2 cxd5 27. exd5 Nxd5 28. f4 Ne6
29. Rxd5 Qxd5 30. Bxd5 Rxd5 31. Rd1 Rc5 32. Qe2 Re8
33. Rd6 Rc1+ 34. Kf2 Kf7 35. f5 Nc5 36. Qxb5 Rc2+
37. Kf3 Re7 {White - Time} 0-1

[Event "Game 1261 - Rated game, 15m + 0s"]
[Site "Main Playing Hall"]
[Date "2003.04.01"]
[Round "?"]
[White "bogica"]
[Black "kmreese"]
[Result "0-1"]
[WhiteElo "1220"]
[BlackElo "1335"]
[Annotator "White - Resign"]
[PlyCount "64"]
[EventDate "2003.??.??"]

1. d4 Nf6 2. c4 d5 3. Nf3 dxc4 4. Nc3 Nc6
5. e3 Bf5 6. Bxc4 Ng4 7. Bxf7+ Kxf7 8. Qb3+ Be6
9. Ng5+ Ke8 10. Nxe6 Qd6 11. Nb5 Qb4+ 12. Qxb4 Nxb4
13. Nbxc7+ Kd7 14. Nxa8 Nc2+ 15. Ke2 Nxa1 16. Nc5+ Kd6
17. b3 e5 18. Ba3 Nc2 19. Nxb7+ Kc6 20. Na5+ Kb5
21. Bxf8 Rxf8 22. Rc1 Kxa5 23. Nc7 Na3 24. Rc5+ Kb6
25. Ne6 Rxf2+ 26. Kd3 exd4 27. exd4 g6 28. d5 Ne5+
29. Ke4 Re2+ 30. Kd4 Nc2+ 31. Kc3 h5 32. Rc6+ Nxc6 {White - Resign} 0-1

[Event "Game 1262 - Rated game, 15m + 0s"]
[Site "Main Playing Hall"]
[Date "2003.04.01"]
[Round "?"]
[White "kmreese"]
[Black "bogica"]
[Result "1-0"]
[WhiteElo "1347"]
[BlackElo "1208"]
[Annotator "Black - Resign"]
[PlyCount "71"]
[EventDate "2003.??.??"]

1. e4 c6 2. d4 d5 3. e5 Bf5 4. Nf3 e6
5. Bd3 Bxd3 6. Qxd3 Bb4+ 7. c3 Ba5 8. Bg5 Qb6
9. O-O Ne7 10. b4 Bxb4 11. cxb4 Qxb4 12. Nc3 O-O
13. Rab1 Qa3 14. Rxb7 Nf5 15. Rb3 Qa5 16. Bc1 Nd7
17. Ra3 Qc7 18. Bb2 c5 19. Nb5 Qb6 20. dxc5 Nxc5
21. Qe2 a6 22. Nbd4 Nxd4 23. Bxd4 Qb4 24. Qe3 Rac8
25. Rc1 Ne4 26. Rxc8 Rxc8 27. Rxa6 h6 28. Rb6 Qa4
29. a3 Qc4 30. Bb2 Nc5 31. Nd2 Qc2 32. h4 Na4
33. Rb7 Nxb2 34. Qf4 Nc4 35. Qxf7+ Kh7 36. Qxg7# {Black - Resign} 1-0

[Event "Game 1263 - Rated game, 10m + 5s"]
[Site "Main Playing Hall"]
[Date "2003.04.02"]
[Round "?"]
[White "kmreese"]
[Black "Pawnissimo"]
[Result "0-1"]
[WhiteElo "1358"]
[BlackElo "1478"]
[PlyCount "72"]
[EventDate "2003.??.??"]

1. e4 c6 2. d4 d5 3. e5 Bf5 4. Nf3 h6
5. Nc3 e6 6. Bd3 Bxd3 7. cxd3 Nd7 8. Kf1 Qc7
9. b4 b6 10. b5 c5 11. dxc5 Bxc5 12. d4 Bb4
13. Ne2 Rc8 14. Bb2 Ne7 15. Rc1 Qb8 16. a3 Rxc1
17. Nxc1 Ba5 18. Nb3 O-O 19. h4 Qc7 20. Ng5 Nf5
21. Bc1 Qc4+ 22. Kg1 Bc3 23. g4 Nxd4 24. Nxd4 Bxd4
25. Rh2 Nxe5 26. a4 Rc8 27. Bf4 Nd3 28. Nxe6 fxe6
29. g5 Nxf4 30. gxh6 Qc1 31. Rh3 Qxd1+ 32. Kh2 Nxh3
33. Kxh3 Bxf2 34. h7+ Kxh7 35. h5 Rc4 36. h6 Qh1# 0-1

[Event "Game 1264 - Friendly Game, 20m + 0s"]
[Site "Main Playing Hall"]
[Date "2003.04.02"]
[Round "?"]
[White "kmreese"]
[Black "RIFF"]
[Result "0-1"]
[WhiteElo "1594"]
[BlackElo "1522"]
[PlyCount "38"]
[EventDate "2003.??.??"]

1. e4 c6 2. d4 g6 3. Nf3 Bg7 4. e5 d5
5. Bg5 Qb6 6. Nc3 Qxb2 7. Ne2 Qb6 8. Rb1 Qc7
9. Nf4 Bg4 10. Be2 h6 11. e6 hxg5 12. exf7+ Kxf7
13. Ne5+ Kf6 14. Nxg4+ Kf7 15. Bd3 gxf4 16. O-O f3
17. Qxf3+ Nf6 18. Ne5+ Kg8 19. Nxg6 Qxh2# 0-1

[Event "Game 1265 - Rated game, 10m + 2s"]
[Site "Main Playing Hall"]
[Date "2003.04.03"]
[Round "?"]
[White "kmreese"]
[Black "erhan"]
[Result "0-1"]
[WhiteElo "1346"]
[BlackElo "1412"]
[Annotator "White - Resign"]
[PlyCount "74"]
[EventDate "2003.??.??"]

1. e4 c5 2. Nf3 Nc6 3. Bc4 h6 4. e5 d6
5. exd6 exd6 6. O-O Nf6 7. Re1+ Be7 8. Nh4 O-O
9. Nf5 Bxf5 10. d4 d5 11. Bd3 Bxd3 12. Qxd3 cxd4
13. Qg3 Nh5 14. Qg4 Nf6 15. Qg3 Bd6 16. f4 Ne4
17. Qg4 Qf6 18. Rf1 Ne7 19. f5 Bc5 20. Kh1 Ng6
21. Nd2 Ne5 22. Qh5 d3 23. c4 Nxd2 24. Bxd2 dxc4
25. Rae1 Rae8 26. Bc3 b5 27. Bxe5 Rxe5 28. Rxe5 Qxe5
29. h4 Qf6 30. Kh2 Bd6+ 31. g3 Qxb2+ 32. Kh3 Qe2
33. Rh1 Qxh5 34. g4 Qxg4+ 35. Kxg4 c3 36. Rh3 d2
37. Rd3 Bb4 {White - Resign} 0-1

[Event "Game 1266 - Rated game, 10m + 5s"]
[Site "Main Playing Hall"]
[Date "2003.04.03"]
[Round "?"]
[White "Upnor"]
[Black "kmreese"]
[Result "0-1"]
[WhiteElo "1415"]
[BlackElo "1332"]
[PlyCount "60"]
[EventDate "2003.??.??"]

1. e4 c5 2. Nf3 d6 3. Bc4 g6 4. Ng5 e6
5. O-O Qxg5 6. d3 Qd8 7. Nc3 Bg7 8. Bd2 a6
9. Re1 Nc6 10. a3 Ne5 11. Bb3 Nf6 12. Bg5 h6
13. Bxf6 Qxf6 14. d4 cxd4 15. Qxd4 Nf3+ 16. gxf3 Qxd4
17. Rad1 Qf6 18. Rxd6 Qg5+ 19. Kf1 O-O 20. Red1 e5
21. Nd5 Bh3+ 22. Ke2 Qg2 23. Nb6 Rae8 24. Nd7 Kh7
25. Nxf8+ Bxf8 26. Bxf7 Rc8 27. R6d5 Rxc2+ 28. R1d2 Qf1+
29. Ke3 Qe1+ 30. Kd3 Qxd2# 0-1

[Event "Game 1267 - Rated game, 10m + 5s"]
[Site "Main Playing Hall"]
[Date "2003.04.03"]
[Round "?"]
[White "kmreese"]
[Black "Upnor"]
[Result "1/2-1/2"]
[WhiteElo "1354"]
[BlackElo "1392"]
[Annotator "Draw - 3 Fold Rep"]
[PlyCount "161"]
[EventDate "2003.??.??"]

1. e4 e5 2. Nf3 Nc6 3. c3 Nf6 4. Bd3 d5
5. exd5 Nxd5 6. Bb5 Bd7 7. Nxe5 Nxe5 8. Bxd7+ Qxd7
9. d4 Nc4 10. O-O Bd6 11. Qb3 Ncb6 12. Re1+ Be7
13. Bg5 O-O 14. Bxe7 Nxe7 15. Nd2 Nf5 16. Nf3 a5
17. Ne5 Qd5 18. c4 Qxd4 19. Rad1 Qc5 20. Nd7 Nxd7
21. Rxd7 b6 22. Rd5 Nd4 23. Qc3 Qb4 24. Qc1 Ne6
25. a3 Qa4 26. b3 Qxb3 27. Rb5 Qd3 28. Rd1 Qe4
29. f3 Qc6 30. Rbd5 Nf4 31. Qxf4 Rfe8 32. Qh4 Qe6
33. Rd8 Qe3+ 34. Kf1 Qe2+ 35. Kg1 Raxd8 36. Rxd8 g6
37. Rxe8+ Qxe8 38. g4 Qe3+ 39. Kg2 Qxa3 40. Qd8+ Kg7
41. Qxc7 Qb2+ 42. Kh3 a4 43. g5 a3 44. f4 a2
45. f5 a1=Q 46. f6+ Qxf6 47. gxf6+ Kxf6 48. Qxb6+ Kg7
49. c5 Qc3+ 50. Kg2 h5 51. h4 Qd2+ 52. Kf3 Qd4
53. Qc7 Qd5+ 54. Ke3 Kf6 55. Qf4+ Ke7 56. Qe4+ Qe6
57. c6 Qxe4+ 58. Kxe4 Kd8 59. Kd5 Kc7 60. Kc5 f5
61. Kd5 f4 62. Ke4 f3 63. Kxf3 Kxc6 64. Kf4 Kd6
65. Kg5 Ke5 66. Kxg6 Kf4 67. Kxh5 Kf5 68. Kh6 Kf6
69. Kh5 Kg7 70. Kg5 Kh7 71. h5 Kh8 72. Kg6 Kg8
73. h6 Kh8 74. Kg5 Kh7 75. Kh5 Kh8 76. Kg6 Kg8
77. Kh5 Kh8 78. Kg6 Kg8 79. Kh5 Kh7 80. Kg5 Kh8
81. Kg6 {Draw - 3 Fold Rep} 1/2-1/2

[Event "Game 1269 - Rated game, 10m + 3s"]
[Site "Main Playing Hall"]
[Date "2003.04.04"]
[Round "?"]
[White "Jorinde"]
[Black "kmreese"]
[Result "0-1"]
[WhiteElo "1280"]
[BlackElo "1331"]
[PlyCount "42"]
[EventDate "2003.??.??"]

1. d4 Nf6 2. Nf3 g6 3. Bf4 Bg7 4. e3 Ne4
5. Be2 Nxf2 6. Kxf2 d6 7. Re1 Bg4 8. Kg1 e5
9. dxe5 Bxf3 10. Bxf3 Qh4 11. exd6 Bxb2 12. Nd2 Bxa1
13. Qxa1 O-O 14. dxc7 Nd7 15. Bxb7 Nc5 16. Bxa8 Rxa8
17. Rb1 Na4 18. Rb7 Nc3 19. Qb2 Qe1+ 20. Nf1 Ne2+
21. Kh1 Qxf1# 0-1

[Event "Game 1271 - Rated game, 10m + 0s"]
[Site "Main Playing Hall"]
[Date "2003.04.04"]
[Round "?"]
[White "kmreese"]
[Black "Toshiba"]
[Result "1-0"]
[WhiteElo "1346"]
[BlackElo "1173"]
[PlyCount "27"]
[EventDate "2003.??.??"]

1. e4 e5 2. Nf3 f6 3. Bc4 c6 4. d4 Qa5+
5. Bd2 Qb6 6. O-O exd4 7. e5 c5 8. exf6 Qxf6
9. Re1+ Ne7 10. Bg5 Qf5 11. Bd3 Qd5 12. Re5 h6
13. Rxd5 Nxd5 14. Bg6# 1-0

[Event "Game 1272 - Rated game, 10m + 0s"]
[Site "Main Playing Hall"]
[Date "2003.04.04"]
[Round "?"]
[White "Toshiba"]
[Black "kmreese"]
[Result "0-1"]
[WhiteElo "1164"]
[BlackElo "1356"]
[PlyCount "30"]
[EventDate "2003.??.??"]

1. b3 d5 2. e3 e5 3. f3 Nf6 4. g4 e4
5. a4 exf3 6. Qxf3 Ne4 7. d3 Bb4+ 8. Ke2 Nc6
9. dxe4 d4 10. Kf2 Ne5 11. Qe2 Bxg4 12. Qb5+ Nc6
13. h3 Qh4+ 14. Kg2 dxe3 15. Nf3 Qf2# 0-1

[Event "Game 1273 - Rated game, 10m + 0s"]
[Site "Main Playing Hall"]
[Date "2003.04.04"]
[Round "?"]
[White "kmreese"]
[Black "Toshiba"]
[Result "1-0"]
[WhiteElo "1356"]
[BlackElo "1155"]
[Annotator "Black - Time"]
[PlyCount "75"]
[EventDate "2003.??.??"]

1. e4 c6 2. d4 e6 3. e5 Qa5+ 4. Bd2 Bb4
5. c3 Be7 6. b4 Qd5 7. Na3 Qe4+ 8. Ne2 d5
9. f3 Qh4+ 10. g3 Qh5 11. Nf4 Qh6 12. Nxd5 exd5
13. Bxh6 Nxh6 14. b5 O-O 15. Qc2 Bxa3 16. Bd3 Bf5
17. Bxf5 Nxf5 18. Qxf5 cxb5 19. O-O Nc6 20. Rae1 Rae8
21. Qd7 Bb2 22. Qxb7 Bxc3 23. Re2 Nxd4 24. Re3 Nxf3+
25. Rfxf3 Bd4 26. Qxd5 Bxe3+ 27. Rxe3 a6 28. h4 Kh8
29. e6 fxe6 30. Rxe6 Rd8 31. Qb7 Rd1+ 32. Kg2 Rd2+
33. Kh3 h6 34. Qxa6 Rff2 35. Re8+ Kh7 36. Qxb5 Rh2+
37. Kg4 Rxa2 38. Qf5+ { Black - Time} 1-0

[Event "Game 1274 - Rated game, 10m + 0s"]
[Site "Beginners"]
[Date "2003.04.05"]
[Round "?"]
[White "superfilou"]
[Black "kmreese"]
[Result "1-0"]
[WhiteElo "1384"]
[BlackElo "1373"]
[Annotator "Black - Time"]
[PlyCount "87"]
[EventDate "2003.??.??"]

1. e4 c5 2. Nf3 f6 3. Bc4 e6 4. d4 Na6
5. d5 e5 6. d6 Qb6 7. Qd5 Kd8 8. Qf7 Nh6
9. Qd5 Bxd6 10. O-O Nc7 11. Qd3 g5 12. Nc3 Ng4
13. a3 Be7 14. b4 d5 15. Nxd5 Nxd5 16. Bxd5 Bd6
17. bxc5 Qxc5 18. Be3 Nxe3 19. fxe3 Re8 20. Nd2 f5
21. exf5 e4 22. Nxe4 Bxf5 23. Rxf5 Qb6 24. Nxd6 Qxd6
25. Bxb7 Qxd3 26. cxd3 Rb8 27. Rd5+ Kc7 28. Ba6 Kb6
29. Bc4 Rxe3 30. Rb5+ Kc7 31. Rxb8 Kxb8 32. Rb1+ Kc7
33. Kf2 Re8 34. Rc1 Kd6 35. Bb5 a5 36. Bxe8 Ke5
37. Rc5+ Kd4 38. Rxa5 Kxd3 39. Ra8 Kc4 40. a4 Kc5
41. a5 Kd6 42. a6 Kc7 43. Bh5 Kb6 44. Bg4 {Black - Time} 1-0

[Event "Game 1275 - Rated game, 10m + 0s"]
[Site "Main Playing Hall"]
[Date "2003.04.05"]
[Round "?"]
[White "odin"]
[Black "kmreese"]
[Result "1-0"]
[WhiteElo "1366"]
[BlackElo "1355"]
[Annotator "Black - Resign"]
[PlyCount "39"]
[EventDate "2003.??.??"]

1. e4 c5 2. Nf3 f6 3. d4 e6 4. dxc5 Bxc5
5. Bc4 d5 6. exd5 exd5 7. Bxd5 Bb4+ 8. c3 Bc5
9. Bf7+ Ke7 10. Bd5 Nc6 11. O-O f5 12. Re1+ Kf8
13. Bg5 Nf6 14. Bxc6 Bxf2+ 15. Kxf2 Qb6+ 16. Be3 Qxc6
17. Qd8+ Ne8 18. Ne5 Qa4 19. Bc5+ Kg8 20. Qd5+ {Black - Resign} 1-0

[Event "Game 1276 - Rated game, 15m + 15s"]
[Site "Main Playing Hall"]
[Date "2003.04.05"]
[Round "?"]
[White "kmreese"]
[Black "lillopavia"]
[Result "0-1"]
[WhiteElo "1594"]
[BlackElo "1672"]
[PlyCount "70"]
[EventDate "2003.??.??"]

1. e4 c5 2. Nf3 Nc6 3. Bc4 e6 4. d3 Nf6
5. Bg5 Be7 6. e5 Nd5 7. Bxe7 Qxe7 8. c3 a6
9. O-O b5 10. Bxd5 exd5 11. Re1 O-O 12. d4 c4
13. b3 d6 14. exd6 Qxd6 15. b4 Bf5 16. Nh4 Bd3
17. Nd2 Rae8 18. Rxe8 Rxe8 19. Ndf3 f6 20. Qd2 Re2
21. Qd1 g6 22. a4 Rc2 23. axb5 axb5 24. Ra8+ Kf7
25. Ne5+ Nxe5 26. dxe5 Qxe5 27. Ra7+ Kg8 28. Nf3 Qe2
29. Ra8+ Kg7 30. Ra7+ Kh6 31. Ra1 Rxc3 32. g4 Qxd1+
33. Rxd1 Be2 34. Rxd5 Bxf3 35. Rxb5 Rc1# 0-1

[Event "Game 1278 - Rated game, 12m + 3s"]
[Site "Main Playing Hall"]
[Date "2003.04.06"]
[Round "?"]
[White "Drabanten"]
[Black "kmreese"]
[Result "1-0"]
[WhiteElo "1320"]
[BlackElo "1338"]
[Annotator "Black - Resign"]
[PlyCount "52"]
[EventDate "2003.??.??"]

1. d4 Nf6 2. c4 g6 3. Nc3 Bg7 4. e4 c6
5. Nf3 d5 6. cxd5 cxd5 7. exd5 Nxd5 8. Bc4 Nxc3
9. bxc3 O-O 10. O-O Bg4 11. Re1 e6 12. Ba3 Re8
13. Bb5 Nc6 14. Qa4 Rc8 15. Ne5 Nxe5 16. dxe5 f6
17. Bxe8 fxe5 18. Bb5 e4 19. Qxe4 Bxc3 20. Rec1 Bf5
21. Qxb7 e5 22. Rd1 Bd2 23. h3 Bxh3 24. gxh3 Qg5+
25. Kf1 Qd8 26. Qe7 Bg5 { Black - Resign} 1-0

[Event "Game 1279 - Rated game, 30m + 0s"]
[Site "Main Playing Hall"]
[Date "2003.04.06"]
[Round "?"]
[White "kmreese"]
[Black "number7"]
[Result "0-1"]
[WhiteElo "1580"]
[BlackElo "1702"]
[Annotator "White - Resign"]
[PlyCount "60"]
[EventDate "2003.??.??"]

1. e4 c5 2. c4 Nc6 3. Nf3 d6 4. Bd3 Bg4
5. O-O Nd4 6. Re1 Qd7 7. Nc3 e5 8. Nb5 Nxf3+
9. gxf3 Bh5 10. Be2 Ne7 11. Qa4 Nc6 12. b4 Be7
13. bxc5 dxc5 14. Rd1 O-O 15. d4 Nxd4 16. Bb2 Nxe2+
17. Kf1 Nd4 18. Kg2 Bxf3+ 19. Kf1 Qh3+ 20. Ke1 Bxd1
21. Rxd1 Rad8 22. Nxd4 exd4 23. Qxa7 Rfe8 24. Qxb7 Rb8
25. Qc6 Rec8 26. Qa6 Qf3 27. Bc1 Qxe4+ 28. Kf1 Ra8
29. Re1 Qd3+ 30. Kg1 Rxa6 {White - Resign} 0-1

[Event "Game 1280 - Rated game, 8m + 0s"]
[Site "Main Playing Hall"]
[Date "2003.04.06"]
[Round "?"]
[White "kmreese"]
[Black "robinwood"]
[Result "0-1"]
[WhiteElo "1319"]
[BlackElo "1479"]
[PlyCount "44"]
[EventDate "2003.??.??"]

1. e4 c5 2. Nf3 d6 3. Bc4 Nf6 4. e5 dxe5
5. Nxe5 e6 6. O-O a6 7. f4 Be7 8. Nc3 Nbd7
9. Re1 O-O 10. d3 b5 11. Bb3 Bd6 12. d4 Bb7
13. dxc5 Nxc5 14. Be3 Nxb3 15. axb3 b4 16. Na4 a5
17. Bb6 Qc8 18. Qxd6 Qxc2 19. Bf2 Ne4 20. Qd1 Qxf2+
21. Kh1 Ng3+ 22. hxg3 Qxg2# 0-1

[Event "Game 1281 - Rated game, 8m + 0s"]
[Site "Main Playing Hall"]
[Date "2003.04.06"]
[Round "?"]
[White "robinwood"]
[Black "kmreese"]
[Result "1-0"]
[WhiteElo "1488"]
[BlackElo "1309"]
[PlyCount "61"]
[EventDate "2003.??.??"]

1. e4 c5 2. Nf3 d6 3. d4 Nd7 4. c3 cxd4
5. cxd4 Ngf6 6. Nc3 d5 7. e5 Ne4 8. Nxe4 dxe4
9. Ng5 e6 10. Nxe4 f5 11. Nc3 Bb4 12. a3 Ba5
13. Bc4 Nb6 14. Bb5+ Bd7 15. b4 Bxb5 16. Nxb5 Nc4
17. Qe2 Bb6 18. Qxc4 Qd7 19. Nd6+ Kf8 20. Bd2 Bc7
21. Nxb7 Rc8 22. Nc5 Qc6 23. Nxe6+ Qxe6 24. Qxe6 Re8
25. Qxf5+ Kg8 26. Qd7 Rf8 27. Qd5+ Rf7 28. Rc1 h5
29. Rxc7 Kh7 30. Qxf7 Rg8 31. Qxh5# 1-0

[Event "Game 1285 - Rated game, 9m + 0s"]
[Site "Main Playing Hall"]
[Date "2003.04.07"]
[Round "?"]
[White "kmreese"]
[Black "have fun"]
[Result "1-0"]
[WhiteElo "1324"]
[BlackElo "1517"]
[Annotator "Black - Time"]
[PlyCount "63"]
[EventDate "2003.??.??"]

1. e4 e5 2. Nf3 Nc6 3. Bc4 Nf6 4. Ng5 d5
5. Bb3 Be7 6. Nxf7 Kxf7 7. exd5 Nxd5 8. Qh5+ g6
9. Qf3+ Kg7 10. Bxd5 Rf8 11. Qc3 Qxd5 12. O-O Bc5
13. Kh1 Bxf2 14. d3 Bh3 15. Bh6+ Kxh6 16. Qd2+ Kg7
17. Rxf2 Rxf2 18. Qxf2 Rf8 19. Qe2 Nd4 20. Nc3 Qc6
21. Qxe5+ Rf6 22. Ne4 Qxc2 23. Qxf6+ Kh6 24. Qg5+ Kg7
25. Qe7+ Kh6 26. Qh4+ Kg7 27. Qxh3 Qxb2 28. Qd7+ Kh6
29. Rf1 Qxa2 30. Qh3+ Kg7 31. Ng5 h6 32. Rf7+ {Black - Time} 1-0

[Event "Game 1286 - Friendly Game, 20m + 0s"]
[Site "Main Playing Hall"]
[Date "2003.04.07"]
[Round "?"]
[White "kmreese"]
[Black "lillopavia"]
[Result "0-1"]
[WhiteElo "1568"]
[BlackElo "1707"]
[Annotator "White - Time"]
[PlyCount "76"]
[EventDate "2003.??.??"]

1. e4 c5 2. f4 d6 3. f5 Nf6 4. Nf3 Nxe4
5. c4 Nd7 6. Bd3 Nef6 7. O-O Ne5 8. Nc3 e6
9. fxe6 Bxe6 10. Be4 d5 11. cxd5 Bxd5 12. Nxd5 Nxd5
13. Nxe5 f6 14. Qh5+ g6 15. Bxg6+ hxg6 16. Qxh8 Ke7
17. Nxg6+ Kd6 18. d3 Kc7 19. Qh7+ Kb6 20. a4 a6
21. a5+ Ka7 22. Rf5 Nb4 23. Qh4 Nxd3 24. Be3 Rc8
25. Rd1 Qxa5 26. Qxf6 Nxb2 27. Rc1 Ka8 28. Nxf8 Nd3
29. Ra1 Qd8 30. Qh6 c4 31. Ne6 Qd7 32. Rf8 c3
33. Rxc8+ Qxc8 34. Rxa6+ bxa6 35. Nd4 c2 36. Nc6 c1=Q+
37. Bxc1 Nxc1 38. Na5 Ne2+ { White - Time} 0-1

[Event "Game 1290 - Rated game, 30m + 0s"]
[Site "Main Playing Hall"]
[Date "2003.04.09"]
[Round "?"]
[White "kmreese"]
[Black "nand"]
[Result "1-0"]
[WhiteElo "1568"]
[BlackElo "1305"]
[PlyCount "37"]
[EventDate "2003.??.??"]

1. e4 e5 2. Nf3 d6 3. Bc4 Nf6 4. Nc3 Qe7
5. Ng5 Be6 6. d3 Nc6 7. Nb5 O-O-O 8. Be3 Kb8
9. Qd2 h6 10. Nxe6 fxe6 11. Nxa7 Ng4 12. Nxc6+ bxc6
13. Qb4+ Kc8 14. Ba6+ Kd7 15. O-O Qf6 16. Qb7 c5
17. Bb5+ Ke7 18. Qxc7+ Rd7 19. Qxd7# 1-0

[Event "Game 1291 - Rated game, 15m + 0s"]
[Site "Main Playing Hall"]
[Date "2003.04.09"]
[Round "?"]
[White "kmreese"]
[Black "RIFF"]
[Result "0-1"]
[WhiteElo "1351"]
[BlackElo "1241"]
[Annotator "White - Time"]
[PlyCount "34"]
[EventDate "2003.??.??"]

1. e4 c6 2. d4 d5 3. e5 e6 4. Nf3 Be7
5. h4 Nd7 6. Bf4 f5 7. Ng5 Nf8 8. h5 Bxg5
9. Bxg5 Qxg5 10. h6 Nxh6 11. Nd2 Ng6 12. Nf3 Qd8
13. Be2 Nf4 14. Rh2 Ng4 15. Rh4 Nxg2+ 16. Kf1 Nxh4
17. Nxh4 Qxh4 {White - Time} 0-1

[Event "Game 1295 - Rated game, 8m + 5s"]
[Site "Beginners"]
[Date "2003.04.12"]
[Round "?"]
[White "Mr. pi314"]
[Black "kmreese"]
[Result "0-1"]
[WhiteElo "1312"]
[BlackElo "1315"]
[PlyCount "44"]
[EventDate "2003.??.??"]

1. e4 c5 2. Bc4 Nc6 3. Nc3 g6 4. Nf3 Bg7
5. O-O Nf6 6. d3 e5 7. Bg5 Nd4 8. Bxf6 Qxf6
9. Nb5 Nxb5 10. Bxb5 O-O 11. Bc4 d6 12. Bd5 Bg4
13. Bxb7 Rab8 14. h3 Bxf3 15. gxf3 Rxb7 16. b3 Bh6
17. Rb1 Qf4 18. b4 Qh4 19. Kh2 Bf4+ 20. Kg2 Qg5+
21. Kh1 Qh4 22. Rg1 Qxh3# 0-1

[Event "Game 1297 - Rated game, 8m + 0s"]
[Site "Main Playing Hall"]
[Date "2003.04.12"]
[Round "?"]
[White "kmreese"]
[Black "guido1st"]
[Result "1-0"]
[WhiteElo "1333"]
[BlackElo "1282"]
[PlyCount "57"]
[EventDate "2003.??.??"]

1. e4 f5 2. exf5 Nf6 3. d3 d5 4. Nf3 Bxf5
5. Nd4 Qd7 6. g4 Nxg4 7. Be2 Nc6 8. Nxf5 Qxf5
9. Bxg4 Qe5+ 10. Be3 d4 11. f4 Qxe3+ 12. Be2 Qxf4
13. Rf1 Qxh2 14. Rf2 Qg1+ 15. Bf1 g5 16. Qh5+ Kd7
17. Nd2 Nb4 18. Qh3+ e6 19. Rf7+ Be7 20. O-O-O Nxa2+
21. Kb1 Nb4 22. Be2 Qe3 23. Bf3 a5 24. Nc4 Qf2
25. Ne5+ Ke8 26. Bc6+ bxc6 27. Rxf2 a4 28. Qxe6 a3
29. Qd7# 1-0

[Event "Game 1298 - Rated game, 8m + 10s"]
[Site "Main Playing Hall"]
[Date "2003.04.12"]
[Round "?"]
[White "blinn"]
[Black "kmreese"]
[Result "0-1"]
[WhiteElo "1287"]
[BlackElo "1349"]
[PlyCount "100"]
[EventDate "2003.??.??"]

1. d4 Nf6 2. Nf3 d5 3. e3 Ne4 4. Nc3 Bf5
5. Nxe4 Bxe4 6. Bd3 Bg6 7. O-O Nc6 8. a3 Bh5
9. Re1 Qd6 10. e4 Bxf3 11. Qxf3 Nxd4 12. Qe3 dxe4
13. Qxe4 O-O-O 14. Be3 Ne6 15. Rad1 Nc5 16. Qg4+ e6
17. Bc4 Qe7 18. Rxd8+ Kxd8 19. Rd1+ Kc8 20. b4 f5
21. Qd4 Ne4 22. Qxa7 c5 23. Qa8+ Kc7 24. Qa5+ Kc8
25. Bxc5 Nxc5 26. Qxc5+ Qc7 27. Qxc7+ Kxc7 28. Bxe6 Kb6
29. Bxf5 Be7 30. Rd7 Bf6 31. c4 Kc6 32. b5+ Kb6
33. a4 Kc5 34. Rxb7 Rd8 35. h3 Kxc4 36. Be6+ Kb4
37. Rc7 Rd1+ 38. Kh2 Be5+ 39. g3 Bxc7 40. Bg4 Rd2
41. a5 Rxf2+ 42. Kg1 Ra2 43. b6 Bxg3 44. b7 Rxa5
45. Bf3 h6 46. Kg2 Bc7 47. Be4 Kc3 48. Kf3 Kd4
49. h4 Ra3+ 50. Kg4 Kxe4 0-1

[Event "Game 1299 - Friendly Game, 10m + 10s"]
[Site "Main Playing Hall"]
[Date "2003.04.13"]
[Round "?"]
[White "lillopavia"]
[Black "kmreese"]
[Result "0-1"]
[WhiteElo "1666"]
[BlackElo "1575"]
[Annotator "White - Time"]
[PlyCount "56"]
[EventDate "2003.??.??"]

1. e4 c5 2. Nf3 d6 3. d4 Nc6 4. d5 Ne5
5. Nxe5 dxe5 6. c4 e6 7. Nc3 Nf6 8. Bg5 Be7
9. Bxf6 Bxf6 10. Be2 exd5 11. Nxd5 Qa5+ 12. Nc3 O-O
13. O-O Be6 14. Nd5 Rad8 15. a3 Rd6 16. Nxf6+ gxf6
17. Qxd6 Rd8 18. Qe7 Kg7 19. Qxb7 Rd2 20. Rfe1 f5
21. h3 f4 22. Bg4 Bxc4 23. Rad1 Rc2 24. Rd7 Qxe1+
25. Kh2 Rc1 26. Bd1 f3 27. Bxf3 Qh1+ 28. Kg3 Be6 {White - Time} 0-1

[Event "Game 1300 - Rated game, 15m + 0s"]
[Site "Main Playing Hall"]
[Date "2003.04.13"]
[Round "?"]
[White "Manohar"]
[Black "kmreese"]
[Result "1-0"]
[WhiteElo "1387"]
[BlackElo "1363"]
[PlyCount "75"]
[EventDate "2003.??.??"]

1. e4 c5 2. Nf3 d6 3. c4 Nc6 4. d4 Qb6
5. d5 Qa5+ 6. Bd2 Nb4 7. Be2 Nf6 8. O-O Nxe4
9. Qe1 Bg4 10. Ng5 Bxe2 11. Qxe2 Nxg5 12. Bxg5 f6
13. Bd2 e5 14. Na3 a6 15. Nc2 f5 16. a3 Qa4
17. Bxb4 cxb4 18. axb4 Qd7 19. Ne3 h5 20. c5 f4
21. Nc4 dxc5 22. Nb6 Qd8 23. Qxe5+ Be7 24. Nxa8 Qxa8
25. Qxg7 Kd7 26. bxc5 Rg8 27. Qc3 f3 28. Qxf3 Bxc5
29. Ra5 b6 30. Rxa6 Qxa6 31. Qf7+ Kd6 32. Qxg8 Qe2
33. h3 b5 34. Qf8+ Kxd5 35. Qd8+ Bd6 36. Qa8+ Kc5
37. Rc1+ Kb4 38. Qa3# 1-0